| 000 | 01966cam a22004694i 4500 | ||
|---|---|---|---|
| 003 | PE-LiUPU | ||
| 005 | 20250731173130.0 | ||
| 008 | 150623s r 000 0 d | ||
| 020 | _a0944450059 | ||
| 035 | _a(Sirsi) i9780944450055 | ||
| 040 |
_aPE-LiUPU _bspa _cPE-LiUPU _erda |
||
| 049 | _aPRUA | ||
| 082 | 0 | 4 |
_a261.834 4 _bR84 _221 |
| 100 | 1 |
_aRosado, Caleb, _d1942-, _eautor. |
|
| 245 | 1 | 0 |
_aWomen church God : _ba socio-biblical study / _cCaleb Rosado. |
| 264 | 1 |
_aReverside, California : _bLoma Linda University Press, _c1990. |
|
| 300 |
_a173 páginas : _bilustraciones gráf. ; _c23 centímetros |
||
| 336 |
_atext _2rdacontent |
||
| 337 |
_aunmediated _2rdamedia |
||
| 338 |
_avolume _2rdacarrier |
||
| 504 | _aIncluye bibliografía. | ||
| 505 | 0 | _aJesus-the exegete of God. Jesus and the patriarchal system. The return to servanthood. Jesus and the social status of women. The role of women in the New Testament. Is God male?. The feminine side of the character of God. The motherhood of God. Is the head of the house at home?. Mary the humanization of the church. Appendix: The family in a multicultural society. A model for effective change. The gospel and inclusive language. | |
| 526 | _aSEG42 | ||
| 526 | _aSEG41 | ||
| 526 | _aSEG40 | ||
| 526 | _aSEG39 | ||
| 526 | _aP94 | ||
| 526 | _aP87 | ||
| 526 | _aP86 | ||
| 526 | _aP85 | ||
| 526 | _aP77 | ||
| 526 | _aP76 | ||
| 526 | _aP35 | ||
| 650 | 0 | 4 | _aMujeres en el cristianismo. |
| 650 | 0 | 4 |
_aMujeres _xAspectos religiosos. |
| 942 |
_2ddc _cBOOK |
||
| 949 |
_a261.834 4 R84 _wDEWEY _c1 _i51571 _lCCODEBUL1 _mBUL _p13.00 _r0 _sY _tBOOK _u2015-6-24 _xTEOLOGIA _PP35 _0COMPRA _o.STAFF. Colección General |
||
| 994 |
_aC0 _bPEPRU |
||
| 596 | _a1 | ||
| 999 |
_a261.834 4 R84 _wDEWEY _c33299 _i51571 _f2021-11-10 _g5 _lCCODEBUL1 _mBUL _p13.00 _r0 _sY _tBOOK _u2015-6-24 _xTEOLOGIA _PP35 _0COMPRA _o.STAFF. Colección General _d33299 |
||
| 980 |
_81 _gALBERTO SANCHEZ Responsable de Automatización |
||